Normal view
MARC view
Entry Personal Name
001 - CONTROL NUMBER
- control field: 8143
003 - CONTROL NUMBER IDENTIFIER
- control field: OSt
005 - DATE AND TIME OF LATEST TRANSACTION
- control field: 20211028144359.0
008 - FIXED-LENGTH DATA ELEMENTS
- fixed length control field: 211028|| aca||aabn | a|a d
040 ## - CATALOGING SOURCE
- Original cataloging agency: OSt
- Transcribing agency: OSt
100 ## - HEADING--PERSONAL NAME
- Personal name: Monteiro, Roylen Prajwal; James, Justine P.
- Miscellaneous information: 1716166
670 ## - SOURCE DATA FOUND
- Source citation: Work cat.: (OSt): Monteiro, Roylen Prajwal; James, Justine P. 1716166, Study on optimum portfolio management services with reference to sunness capital India Private Ltd Bangalore